Le poulet

保存先:
書誌詳細
第一著者: Camus, William
フォーマット: 図書
言語:Undetermined
出版事項: París, Francia G.P. 1977
主題:
タグ: タグ追加
タグなし, このレコードへの初めてのタグを付けませんか!

MARC

LEADER 00000nam a2200000Ia 4500
008 170316s9999 xx 000 0 und d
040 |a cru BVZT 
090 |a 840 C-3p 
100 |a Camus, William 
245 |a Le poulet 
260 |a París, Francia 
260 |b G.P. 
260 |c 1977 
300 |a 221 páginas 
650 |a LITERATURA FRANCESA 
999 |c 7603  |d 7603 
942 |c 15 D  |h 840 C-3p  |2 z